[Event "USA-ch Junior Girls 2018"]
[Site "Saint Louis"]
[Date "2018.07.16"]
[Round "5"]
[White "Cervantes Landeiro, Thalia"]
[Black "Yu, Jennifer"]
[Result "1-0"]
[WhiteElo "2208"]
[BlackElo "2358"]
[Annotator "TA"]
[PlyCount "193"]
[EventDate "2018.07.12"]
[EventType "tourn"]
[EventCountry "USA"]
[SourceTitle "playchess.com"]
[Source "ChessBase"]
[SourceQuality "1"]

{[%evp 18,192,-11,-9,-9,-13,-9,-9,0,-20,-17,-20,-12,-27,-27,-33,-34,-36,-8,-14,-8,-25,0,0,20,0,13,17,22,0,6,18,29,0,0,0,0,-12,0,-2,-29,-21,0,-9,-13,-9,-26,-102,-28,-60,-42,-25,-27,-104,-103,-159,-155,-158,-26,-77,-58,-53,-8,-118,-73,-73,-65,-71,-73,-65,-68,-102,-99,-128,-87,-93,0,0,0,0,0,0,327,293,578,578,571,0,0,0,0,0,0,0,0,0,0,0,0,0,0,0,0,0,0,0,0,0,0,-35,-11,-64,-64,-64,-64,-64,-64,-64,-64,-64,0,-74,-31,-74,-73,-73,-74,-74,-74,-80,-77,-84,-74,-80,-93,-101,-101,-134,-80,-80,0,0,0,0,0,0,0,-80,0,-80,0,-80,-73,-73,0,0,0,0,0,0,0,-169,0,0,0,-158,0,0,0,0,0,0,29995,29996,29996,29997,29999]} 1. d4 d5 2. c4 e6 3. Nc3 c6 4. cxd5 exd5 5. Qc2 Bd6 6. Nf3 Ne7 7. Bg5 f6 8. Bh4 Bf5 9. Qd2 Na6 {D31: Damengambit (Halbslawisch)} (9... g5 10. Bg3 Ng6 11. Bxd6 Qxd6 12. e3 Be4 {0-1 (12) Barcenilla,R (2446)-Azarov,S (2556) Saint Louis 2017}) 10. e3 {LiveBook: 4 Partien} Nc7 11. Bd3 Qd7 {Die Stellung ist ausgeglichen.} 12. Bg3 O-O 13. O-O $146 ({Vorgänger:} 13. Na4 Ne6 14. Rc1 Bxd3 15. Qxd3 {½-½ (60) Njobvu,I (2220)-Domingos,C (2240) Lusaka 2005}) 13... Bxg3 14. hxg3 g5 15. e4 dxe4 16. Nxe4 b6 17. Rac1 Ncd5 18. b4 Bg6 19. a4 {[%cal Ba2a4,Ba4a5][%mdl 32]} Kg7 20. Rfe1 Rad8 21. b5 cxb5 22. Bxb5 Qb7 23. Qe2 h6 24. a5 Qb8 25. Nfd2 Nf5 ({Viel schlechter ist} 25... bxa5 $6 26. Nc5 $16) 26. Qc4 Rf7 27. Qa4 Nc7 28. Nb3 Nxb5 29. Qxb5 bxa5 30. Qxa5 Nxd4 31. Nec5 Kh7 32. Rcd1 (32. Nxd4 $11 Rxd4 33. Ne6) 32... Nc6 (32... Ne2+ $17 33. Kh2 Rxd1 34. Rxd1 Qc8) 33. Qa4 Rxd1 34. Rxd1 Ne5 35. Qa2 (35. Ne4 $11) 35... Qb6 $17 36. Qd2 (36. Qa4 $142) 36... Rc7 37. Qd8 Nf7 (37... Bf7 $17 38. Na6 Rc6 39. Qxb6 Rxb6) 38. Qd5 (38. Qf8 $11) 38... Re7 $1 39. Ra1 Qd6 40. Qa8 (40. Qxd6 $11 {bleibt in der Remisbreite.} Nxd6 41. Ra6) 40... Bc2 41. Qf3 Ne5 42. Qc3 Bxb3 43. Nxb3 Rc7 44. Qe1 Rd7 $1 45. Rc1 Kg7 46. Nc5 Nd3 ({Besser ist} 46... Re7 $17 {Droht stark ...Sf3+!} 47. Qc3 Qd5) 47. Nxd3 $11 Qxd3 {[%mdl 4096] Endspiel KDT-KDT} 48. Qe8 $36 {[%mdl 2048] Weiss hat gut koordiniertes Spiel.} Rb7 49. Rc8 {[%csl Gc8][%cal Re8g8]} Qd1+ $2 {[%mdl 8192]} (49... Qb1+ $11 50. Kh2 Qh7) 50. Kh2 $18 {[%csl Gc8][%cal Re8g8]} Qd5 $2 (50... h5 {war angesagt.} 51. f4 gxf4 52. gxf4 Qd7) 51. Qh8+ Kg6 52. Rf8 $2 (52. Rg8+ $1 $18 Kf5 53. g4+ $1 {[%mdl 512]} Ke4 54. Re8+ Kd3 55. Qxf6) 52... Rg7 $11 53. Ra8 Qd7 54. Rd8 Qe6 55. Ra8 h5 56. Qb8 Qd7 57. Qb1+ Qf5 58. Qa2 Qd7 59. Qb1+ Kh6 60. Qa1 Rf7 61. Qc1 Qc7 62. Qb1 h4 63. Qf5 {Weiss will mit Th8+ Matt setzen.} Kg7 64. Qe4 (64. f4 $11) 64... Rf8 65. Rxf8 hxg3+ 66. fxg3 {Droht Matt per De8.} Kxf8 $15 {KD-KD} 67. Qf5 Kg7 68. Qb5 a5 (68... Qc8 $15) 69. Kh3 (69. Qa6 $11) 69... Kg6 {( -> ...Dh7+)} (69... Kf8 {seems wilder.} 70. Qf5 Qe5 71. Qc8+ Kf7 72. Qd7+ Qe7) 70. Kh2 Qh7+ 71. Kg1 Qa7+ $1 72. Kh2 a4 73. Qd3+ Kg7 74. Qa3 Qd7 75. Qb4 Kg6 {...Dh7+ ist eine echte Drohung.} 76. Qb1+ Kh6 {zielt auf ...a3 ab.} 77. Qb4 Qe8 (77... Kg7 $142 78. Qc5 Qe8 79. Qa7+ Kf8) 78. g4 $17 Qe5+ (78... Kg7 $17 {Droht ...Kg6 und aus.} 79. Kh1 Qd7) 79. Kh1 $1 $11 Qa1+ 80. Kh2 Kg6 {Und weiter mit ...De5+ wäre nett.} (80... a3 $5) 81. Qf8 Qe5+ 82. Kh1 (82. Kh3 $11 {hält das Gleichgewicht.}) 82... Qe1+ 83. Kh2 Qe5+ 84. Kh1 {[#]} Qe6 $1 85. Kh2 {[#]} Qf7 ({Doch nicht} 85... Qxg4 86. Qg8+ Kf5 87. Qd5+ Kg6 88. Qg8+ Kh6 89. Qh8+ Kg6 90. Qg8+ $11) (85... a3 $1 $17 {[%cal Ra3a2] Und ...a2 würde nun gewinnen.} 86. Qxa3 Qxg4 87. Qd3+ f5) 86. Qa8 $1 Qc7+ 87. Kh1 Qc1+ 88. Kh2 Qf4+ 89. Kg1 $2 (89. Kh1 $11 {und Weiss steht sicher.}) 89... Kf7 $2 ({Minderwertig wäre} 89... Qxg4 90. Qe8+ Kg7 91. Qe7+ Kg6 92. Qe8+ Kg7 93. Qe7+ Kg6 94. Qe8+ $11) (89... Qd4+ $19 90. Kh1 Kg7 91. Qb7+ Kg6) 90. Qa7+ Kg6 $2 (90... Ke8 $11 91. Qa8+ Kd7 92. Qd5+ Ke8 93. Qc6+ Kd8 94. Qd5+ Ke7 95. Qb7+ Ke6 96. Qc6+ Ke7 97. Qb7+ Kf8 98. Qc8+ Kg7 99. Qd7+ Kh6) 91. Qa8 $1 $17 Qxg4 $2 ({Günstiger ist} 91... Qd4+ $17 92. Kh1 Kg7 93. Qb7+ Kf8 94. Qa8+ Kg7 95. Qb7+ Kg8 96. Qb8+ Kf7 97. Qb7+ Ke8 98. Qc8+ Kf7 99. Qb7+ Ke8 100. Qc8+ Kf7 101. Qc7+ Ke6 102. Qc6+ Kf7 103. Qb7+) 92. Qg8+ $11 Kf5 {Weiss muss nun ...Dd4+ beachten.} 93. Qc8+ Kf4 94. Qc4+ Kg3 $2 {[%mdl 8192]} (94... Kf5 $11 95. Qc8+ Kf4 96. Qc4+ Kf5 97. Qc8+) 95. Qc7+ {Weiß setzt Matt.} Qf4 96. Qc3+ Kg4 97. Qh3# {Precision: Weiß = 60%, Schwarz = 42%.} 1-0

[Event "USA-ch Junior Girls 2018"]
[Site "Saint Louis"]
[Date "2018.07.16"]
[Round "5"]
[White "Morris-Suzuki, Sophie"]
[Black "Samadashvili, Martha"]
[Result "0-1"]
[WhiteElo "1980"]
[BlackElo "2040"]
[Annotator "NA RC"]
[PlyCount "168"]
[EventDate "2018.07.12"]
[EventType "tourn"]
[EventCountry "USA"]
[SourceTitle "playchess.com"]
[Source "ChessBase"]
[SourceQuality "1"]
[TimeControl "40/5400+30:1800+30"]

{[%evp 19,155,10,32767,8,21,16,19,32767,23,32767,32767,32767,32767,32767,32767,32767,32767,32767,32767,3,0,32767,32767,32767,-9,-11,0,32767,32767,0,13,32767,0,-20,14,-16,2,0,31,12,25,0,34,17,24,7,68,0,40,10,54,-17,-20,-38,-41,-41,-28,-52,-44,-27,-53,32767,32767,32767,-31,-85,-41,-43,-57,-53,-55,-81,0,-132,-142,-133,-126,-132,-70,-97,-62,-82,-53,-173,-128,-243,-256,32767,-265,-341,-163,-316,-247,-161,-49,32767,-138,-196,-104,-264,-211,-556,-61,-335,-122,-152,-157,-293,-316,-361,-377,-441,-250,-215,-182,-216,-150,-359,-170,32767,-46,-369,-343,-408,-345,-304,32767,-306,0,-325,-352,-311,-311,-329,-241,-1518,-2600,-12845]} 1. e4 {[%emt 0:00:00]} c5 {[%emt 0:00:00]} 2. Nf3 {[%emt 0:00:26]} e6 {[%emt 0:00:00]} 3. d4 {[%emt 0:01:14]} cxd4 {[%emt 0:00:00]} 4. Nxd4 {[%emt 0:00:11]} Nc6 {[%emt 0:00:00]} 5. Nc3 {[%emt 0:00:47]} Qc7 {[%emt 0:00:00]} 6. Be2 {[%emt 0:00:35]} a6 {[%emt 0:00:00]} 7. O-O {[%emt 0:00:15]} Nf6 {[%emt 0:00:19]} 8. Kh1 {[%emt 0:03:51]} Be7 {[%emt 0:02:03]} 9. f4 {[%emt 0:02:34]} d6 {[%emt 0:00:08]} 10. Be3 {[%emt 0:01:32]} O-O {[%emt 0:00:14]} 11. Qe1 {[%emt 0:01:29]} Nxd4 {[%emt 0:00:28]} 12. Bxd4 {[%emt 0:00:10]} b5 {[%emt 0:00:12]} 13. Qg3 {[%emt 0:02:27]} Bb7 {[%emt 0:11:49] LiveBook: 114 Games} 14. a3 {[%emt 0:03:36]} Bc6 {[%emt 0:05:53]} 15. Rae1 {[%emt 0:02:44]} Rad8 {[%emt 0:01:08]} 16. Bd3 {[%emt 0:00:16]} Qd7 {[%emt 0:03:27]} 17. Nd1 {[%emt 0:01:03]} g6 {[%emt 0:10:37]} 18. Nf2 {[%emt 0:10:39]} Nh5 {[%emt 0:08:47]} 19. Qe3 {[%emt 0:04:23]} f6 {[%emt 0:09:33]} 20. Bc3 {[%emt 0:10:46]} e5 {[%emt 0:03:04]} 21. Nh3 {[%emt 0:03:18]} Ng7 {[%emt 0:05:47]} 22. Ba5 {[%emt 0:14:36]} Rc8 {[%emt 0:01:53]} 23. c4 {[%emt 0:03:15]} Qb7 {[%emt 0:03:25]} 24. cxb5 {[%emt 0:06:04]} axb5 {[%emt 0:00:18]} 25. Qg3 {[%emt 0:01:01]} Nh5 {[%emt 0:11:57]} 26. Qg4 {[%emt 0:12:42]} Ng7 {[%emt 0:02:33]} 27. Bc3 {[%emt 0:02:52]} Bd7 {[%emt 0:07:19]} 28. Qf3 {[%emt 0:00:02]} Rce8 {[%emt 0:03:04]} 29. Bb1 {[%emt 0:00:30]} Be6 {[%emt 0:01:23]} 30. Rd1 {[%emt 0:01:42]} Kh8 {[%emt 0:01:55]} 31. Bb4 {[%emt 0:00:34]} Rd8 {[%emt 0:00:35]} 32. Nf2 {[%emt 0:05:36]} Ne8 {[%emt 0:00:56]} 33. Qg3 {[%emt 0:00:32]} (33. Ng4 $16) 33... Bg8 {[%emt 0:00:39]} 34. Ng4 {[%emt 0:00:45]} Ng7 {[%emt 0:01:05]} 35. fxe5 {[%emt 0:00:55]} Nh5 {[%emt 0:01:50]} 36. Qh3 {[%emt 0:01:28]} dxe5 {[%emt 0:01:11]} 37. Bxe7 {[%emt 0:01:49]} Qxe7 {[%emt 0:00:05]} 38. Qc3 {[%emt 0:01:23]} Be6 {[%emt 0:00:46]} 39. Ne3 {[%emt 0:00:08]} Nf4 {[%emt 0:00:17]} 40. Rfe1 {[%emt 0:00:00]} Rc8 {[%emt 0:00:00]} 41. Qa5 {[%emt 0:03:02]} Qc5 {[%emt 0:08:28]} 42. Qd2 {[%emt 0:06:12]} Bb3 {[%emt 0:04:49]} 43. Rc1 {[%emt 0:00:29]} Qd4 {[%emt 0:01:06]} 44. Qf2 {[%emt 0:04:33]} Rxc1 {[%emt 0:04:17]} 45. Rxc1 {[%emt 0:00:03]} f5 {[%emt 0:05:44]} (45... Nd3 $15 46. Bxd3 Qxd3) 46. Qf3 {[%emt 0:07:20]} (46. exf5 $11 {remains equal.} gxf5 47. Rf1) 46... Qxb2 {[%emt 0:01:25]} 47. Rf1 {[%emt 0:01:59]} fxe4 {[%emt 0:01:01]} 48. Qxe4 {[%emt 0:00:50]} Qd4 {[%emt 0:02:12]} (48... Be6 $17 49. a4 bxa4 50. Qxa4 Kg7) 49. g3 {[%emt 0:06:28]} Ne6 {[%emt 0:00:28]} 50. Rxf8+ {[%emt 0:02:32]} Nxf8 {[%emt 0:00:04]} 51. Qa8 {[%emt 0:02:51]} ({White should play} 51. Kg2 $15) 51... Kg7 {[%emt 0:00:46]} 52. Qb7+ {[%emt 0:00:29]} (52. Qf3 $17) 52... Bf7 {[%emt 0:01:15]} 53. Qe4 {[%emt 0:00:56]} Nd7 {[%emt 0:03:18]} 54. Kg2 Nc5 {[%emt 0:01:39]} (54... Qb2+ $142 55. Bc2 Qxa3) 55. Qf3 {[%emt 0:01:01]} (55. Qxd4 {ist der einzige Weg für Weiss..} exd4 56. Ng4) 55... Qb2+ {[%emt 0:00:46]} 56. Bc2 {[%emt 0:00:02]} Bb3 $2 {[%emt 0:01:20]} ({Lieber} 56... Nb3 $19 57. Qg4 Nc5) 57. Qf2 {[%emt 0:00:20]} Qd4 {[%emt 0:01:10]} 58. Bb1 {[%emt 0:00:54]} (58. Bxb3 $17 Nxb3 59. Qf3) 58... Bd5+ {[%emt 0:00:42]} (58... Be6 $19 {bietet bessere Gewinnchancen.} 59. Bc2 Qc3) 59. Kg1 $2 {[%emt 0:00:42]} (59. Nxd5 $17 Qxd5+ 60. Kg1) 59... Be4 {[%emt 0:00:50]} 60. Ba2 $2 {[%emt 0:00:29]} (60. Bxe4 Nxe4 61. Qe2) 60... Bf5 $2 {[%emt 0:00:47]} ({Besser ist} 60... Nd3 $19 61. Qd2 b4) 61. g4 $2 {[%emt 0:00:27]} (61. Nxf5+ $17 {was called for.} gxf5 62. Qxd4 exd4 63. Bb1) 61... Be6 {[%emt 0:00:42]} (61... Bxg4 $19 {has better winning chances.} 62. Nf1 Ne4 63. Qxd4 exd4) 62. Bxe6 {[%emt 0:00:36]} Nxe6 {[%emt 0:00:05]} 63. Kg2 {[%emt 0:00:11]} (63. h4 $142) 63... Nf4+ {[%emt 0:00:18]} 64. Kg3 {[%emt 0:00:12]} Nd3 {[%emt 0:01:30]} 65. Qd2 {[%emt 0:00:03]} Qf4+ {[%emt 0:00:16]} (65... e4 $142 66. Nf1 Qg1+ 67. Qg2 Qc5) 66. Kg2 {[%emt 0:00:06]} Qe4+ {[%emt 0:00:06]} 67. Kg3 {[%emt 0:00:08]} Nc5 {[%emt 0:00:51]} 68. Kf2 $2 {[%emt 0:01:14]} (68. Qe2 {might work better.}) 68... Qf4+ {[%emt 0:00:31]} (68... Qh1 $142 69. Ke2 Qxh2+ 70. Kd1 Qxd2+ 71. Kxd2 Kf6) 69. Kg2 {[%emt 0:00:06]} Qd4 {[%emt 0:00:41]} ({Black should try} 69... Ne4 $19 70. Qe2 Nf6) 70. Qf2 $2 {[%emt 0:01:26]} (70. Qxd4 $17 exd4 71. Nd5) 70... Nd3 {[%emt 0:00:13]} 71. Qg3 {[%emt 0:01:04]} Nf4+ {[%emt 0:00:23]} 72. Kf3 {[%emt 0:00:17]} Qd2 {[%emt 0:00:38]} 73. Ke4 {[%emt 0:00:33]} (73. Qf2 {was forced.} Qd6 74. Qc2) 73... Qd4+ $2 {[%emt 0:00:33]} (73... Qd6 $19 74. g5 Nd3) 74. Kf3 {[%emt 0:00:06]} Qd3 {[%emt 0:00:32]} 75. g5 {[%emt 0:01:08]} Qxa3 {[%emt 0:01:11]} 76. Qg4 {[%emt 0:00:01]} Qd6 {[%emt 0:00:33]} 77. Qh4 $2 {[%emt 0:00:21]} (77. Qc8) 77... Qc6+ $19 {[%emt 0:00:45]} 78. Kg3 {[%emt 0:00:50]} Qc3 {[%emt 0:01:01]} 79. Kf2 {[%emt 0:00:32]} Qxe3+ {[%emt 0:00:12]} 80. Kxe3 {[%emt 0:00:04]} Ng2+ {[%emt 0:00:02]} 81. Ke4 {[%emt 0:00:05]} Nxh4 {[%emt 0:00:04]} 82. Kxe5 {[%emt 0:00:02]} Nf3+ {[%emt 0:00:20]} 83. Kf4 {[%emt 0:00:11]} b4 {[%emt 0:00:08]} 84. Kxf3 {[%emt 0:00:05]} b3 {[%emt 0:00:03]} 0-1

[Event "USA-ch Junior Girls 2018"]
[Site "Saint Louis"]
[Date "2018.07.16"]
[Round "5"]
[White "Matus, Nastassja"]
[Black "Yip, Carissa"]
[Result "0-1"]
[WhiteElo "1960"]
[BlackElo "2364"]
[Annotator "TA"]
[PlyCount "80"]
[EventDate "2018.07.12"]
[EventType "tourn"]
[EventCountry "USA"]
[SourceTitle "playchess.com"]
[Source "ChessBase"]
[SourceQuality "1"]

{[%evp 10,79,47,37,57,54,70,60,83,29,76,30,29,35,28,0,7,0,0,0,0,-63,-77,-35,-81,-160,-139,-161,-124,-222,31,39,57,-34,0,-2,58,0,129,-13,-7,-4,-3,-110,-103,-83,-56,-110,-119,-126,-123,-192,-187,-322,-284,-597,-631,-628,-622,-627,-620,-621,-616,-631,-627,-1268,-1247,-1212,-1208,-1205,-1189,-29999]} 1. d4 Nf6 2. c4 g6 3. Nc3 Bg7 4. e4 d6 5. g3 c6 6. Bg2 {LiveBook: 26 Games} Qa5 {E61: King's Indian: Early deviations for White, including Smyslov System} (6... Nbd7 7. Nf3 e5 8. O-O O-O 9. h3 exd4 10. Nxd4 Re8 11. Re1 Nb6 12. b3 d5 13. cxd5 cxd5 14. e5 Ne4 15. Nxe4 dxe4 16. Rxe4 Be6 17. Re1 Bd5 18. Nf3 Bxf3 19. Qxf3 Bxe5 {1-0 (33) Tan,Z (2517)-Abdumalik,Z (2449) Riadh 2017}) 7. Nge2 Nbd7 $146 ({Predecessor:} 7... O-O 8. h3 e5 9. O-O Nbd7 10. d5 cxd5 11. cxd5 b5 12. b4 Qxb4 13. Rb1 Qc4 14. Nxb5 {½-½ (22) Andres Gonzalez,A (2195)-Sanchez Guirado,F (2395) Spain 1998}) 8. O-O h5 {White is slightly better.} 9. f4 (9. h3 $16) 9... e5 10. Rb1 exd4 11. Qxd4 h4 12. Bd2 Qh5 13. Be1 hxg3 14. Bxg3 Qh6 15. e5 (15. Rfd1 $11) 15... dxe5 $15 16. fxe5 Nh5 17. Ne4 (17. Rbe1 $142) 17... O-O 18. Nf6+ Ndxf6 19. exf6 Nxg3 $2 (19... Nxf6 $19 {And now ...Bf5 would win.} 20. Rxf6 Bf5) 20. Nxg3 $14 Bh8 21. b4 (21. Rbe1 $14) 21... Be6 22. Rbd1 Rfc8 (22... a5 $11) 23. a4 (23. Ne4 $1 $14) 23... Qf8 {[#]} (23... a5 $11 {remains equal.}) 24. Qc3 (24. Qh4 $1 $16 Qxb4 25. Ne4 Qxc4 26. Rf4) 24... Rd8 $11 25. Rde1 {Strongly threatening Rxe6!} Qd6 $1 {[%cal Rd6d4] next ...Qd4+ is good for Black.} 26. Ne2 (26. Re4 $11 {keeps the balance.}) 26... Qd2 27. c5 Rac8 28. Qxd2 ({White should try} 28. Rf4 $15) 28... Rxd2 $17 29. Nc3 Rd4 30. Rb1 (30. Ne4 $17) 30... Bf5 $19 31. Rb3 (31. Ne2 {is a better defense.} Rh4 32. Rxf5 gxf5 33. Ng3) 31... Bxf6 32. Ne4 $2 (32. Ne2 {is more resistant.} Rd2 33. Ng3) 32... Rxe4 (32... Bxe4 $2 33. Rxf6 Bf5 34. Rd6 $19) 33. Bxe4 Bd4+ 34. Kg2 Bxe4+ 35. Kg3 Bd5 36. Rbb1 Be5+ 37. Kh3 Kg7 {[#] ( -> ...f5)} 38. Rbe1 Rh8+ 39. Kg4 f5+ 40. Kg5 Rh5# {Precision: White = 16%, Black = 60%.} 0-1

[Event "USA-ch Junior Girls 2018"]
[Site "Saint Louis"]
[Date "2018.07.16"]
[Round "5"]
[White "Vittal, Sanjana"]
[Black "Feng, Maggie"]
[Result "0-1"]
[WhiteElo "1947"]
[BlackElo "2236"]
[Annotator "NA RC"]
[PlyCount "136"]
[EventDate "2018.07.12"]
[EventType "tourn"]
[EventCountry "USA"]
[SourceTitle "playchess.com"]
[Source "ChessBase"]
[SourceQuality "1"]
[TimeControl "40/5400+30:1800+30"]

{[%evp 20,134,29,23,63,32767,73,61,55,55,58,32767,32767,32767,32767,32767,32767,32767,32767,32767,146,136,141,130,32767,90,97,57,32767,32767,84,56,102,75,106,32767,32767,95,121,127,133,146,146,143,153,145,146,152,159,152,150,152,32767,32767,152,71,116,100,98,76,81,0,19,-113,-127,-123,-125,-116,-112,-125,-106,-196,-201,-208,-204,-253,-272,-252,-269,-258,-254,-312,-288,-344,-345,-379,-424,-518,-539,-537,32767,-555,-618,-729,-1055,-1127,-1037,-1006,-1073,-1414,-1196,-1717,-2278,-2272,-9800,-6563,32767,-29984,-29982,-6559,-29986,-29991,-29990,-29991,-29992,-29992,-29993]} 1. e4 {[%emt 0:00:00]} e6 {[%emt 0:00:00]} 2. d4 {[%emt 0:00:00]} d5 {[%emt 0:00:00]} 3. Nc3 {[%emt 0:00:00]} Bb4 {[%emt 0:00:09]} 4. e5 {[%emt 0:00:00]} Ne7 {[%emt 0:00:31]} 5. a3 {[%emt 0:00:00]} Bxc3+ {[%emt 0:00:40]} 6. bxc3 {[%emt 0:00:00]} c5 {[%emt 0:00:11]} 7. Qg4 {[%emt 0:00:00]} O-O {[%emt 0:00:42]} 8. Bd3 {[%emt 0:00:06]} Nbc6 {[%emt 0:00:12]} 9. Nf3 {[%emt 0:00:04]} f5 {[%emt 0:00:14]} 10. Qh3 {[%emt 0:00:09]} Qa5 {[%emt 0:04:46] LiveBook: 11 Games} 11. Bd2 $1 {[%emt 0:00:18]} Qa4 {[%emt 0:02:39]} 12. dxc5 {[%emt 0:00:17] C18: French: 3 Nc3 Bb4: Main line: 7 h4 and 7 Qg4} (12. Rg1 cxd4 13. g4 dxc3 14. Bxc3 Bd7 15. gxf5 Nxf5 16. Rg4 d4 17. Bd2 Nce7 18. Nxd4 h5 19. Nxf5 Qxg4 20. Nxe7+ Kf7 21. Qxg4 hxg4 22. Bg6+ Kxe7 23. Bb4+ {1-0 (23) Garakov,M (2439)-Rustemov,A (2547) Novokuznetsk 2008}) 12... Qg4 {[%emt 0:05:29]} 13. O-O $146 {[%emt 0:04:47]} ({Predecessor:} 13. Qg3 Ng6 14. Be3 Ngxe5 15. Nxe5 Qxg3 16. hxg3 Nxe5 17. Bd4 Nc6 18. f4 Nxd4 19. cxd4 b6 20. cxb6 axb6 {½-½ (54) Selkovski,Z (1939)-Jacimovic,D (2407) Ohrid 2016}) 13... Qxh3 {[%emt 0:10:33]} 14. gxh3 {[%emt 0:00:06]} Na5 {[%emt 0:00:39]} 15. Rab1 {[%emt 0:04:34]} Nec6 {[%emt 0:13:05]} 16. Rfe1 {[%emt 0:02:28]} Bd7 {[%emt 0:02:08]} 17. Nd4 {[%emt 0:07:34]} Rfc8 {[%emt 0:04:17]} 18. Nb5 {[%emt 0:04:11]} Nd8 {[%emt 0:04:38]} 19. Be3 {[%emt 0:01:26]} Nc4 {[%emt 0:05:58]} ({Better is} 19... f4 $14 20. Bxf4 Rxc5) 20. Bxc4 $1 {[%emt 0:10:48]} dxc4 {[%emt 0:00:02]} 21. Nd6 {[%emt 0:00:20]} Rc7 {[%emt 0:00:37]} 22. Bd4 {[%emt 0:02:35]} Bc6 {[%emt 0:01:21]} 23. Rb4 {[%emt 0:04:02]} Bd5 {[%emt 0:01:28]} 24. Reb1 {[%emt 0:03:48]} Rd7 {[%emt 0:07:53]} 25. R4b2 {[%emt 0:15:25]} Rc7 {[%emt 0:01:29]} 26. a4 {[%emt 0:03:07]} Rd7 {[%emt 0:00:32]} 27. a5 {[%emt 0:01:19]} a6 {[%emt 0:08:44]} 28. f4 {[%emt 0:05:40]} Rb8 {[%emt 0:03:08]} 29. Bf2 {[%emt 0:04:50]} Nf7 {[%emt 0:08:28]} 30. Rb6 {[%emt 0:02:38]} Nxd6 {[%emt 0:05:00]} 31. cxd6 {[%emt 0:01:46]} Rc8 {[%emt 0:00:18]} 32. Be3 {[%emt 0:03:15]} Kf7 {[%emt 0:00:19]} 33. Kf2 {[%emt 0:00:38]} Be4 {[%emt 0:00:22]} 34. R1b2 {[%emt 0:00:32]} Ra8 {[%emt 0:00:10]} 35. R6b4 {[%emt 0:01:20]} Rc8 {[%emt 0:00:21]} 36. Bb6 {[%emt 0:03:46]} h6 {[%emt 0:06:21]} 37. h4 {[%emt 0:01:19]} (37. Be3 $142) 37... g5 $1 {[%emt 0:03:23]} 38. hxg5 {[%emt 0:11:14]} hxg5 {[%emt 0:00:01]} 39. fxg5 {[%emt 0:00:44]} Kg6 {[%emt 0:01:03]} 40. Be3 {[%emt 0:00:00]} (40. h4 $16) 40... Rh8 {[%emt 0:00:00]} 41. Kg3 {[%emt 0:25:18]} (41. Rxc4 $11 Rxh2+ 42. Kf1) 41... Rdh7 {[%emt 0:03:01]} 42. Bg1 {[%emt 0:01:58] [#]} Bd5 $1 {[%emt 0:07:59]} ({Don't play} 42... Kxg5 $6 43. Rxc4 Rg8 44. Rb1 $15) 43. Rb1 {[%emt 0:01:01]} Kxg5 {[%emt 0:00:07]} 44. Kf2 {[%emt 0:06:18]} Kf4 {[%emt 0:02:03]} 45. Ke2 {[%emt 0:00:58]} (45. Re1 $17 {was worth a try.}) 45... Rg8 {[%emt 0:03:58]} ({Don't do} 45... Kxe5 46. Bd4+ Kxd6 47. Bxh8) 46. Rf1+ {[%emt 0:01:33]} Kxe5 {[%emt 0:00:19]} 47. Rb6 {[%emt 0:00:27]} f4 {[%emt 0:04:16]} 48. Kd1 {[%emt 0:00:32]} Kf5 {[%emt 0:02:57]} 49. Kc1 {[%emt 0:00:19]} e5 {[%emt 0:01:03]} 50. Rd1 {[%emt 0:00:11]} Bc6 {[%emt 0:00:07]} 51. h4 {[%emt 0:00:56]} e4 {[%emt 0:00:29]} 52. Bd4 {[%emt 0:00:30]} e3 {[%emt 0:00:24]} 53. Rf1 {[%emt 0:01:02]} e2 {[%emt 0:01:06]} 54. Re1 {[%emt 0:00:00]} f3 {[%emt 0:00:04]} 55. Kd2 {[%emt 0:00:14]} Rxh4 {[%emt 0:00:21]} 56. d7 {[%emt 0:00:47]} Rd8 {[%emt 0:04:56]} 57. Rbb1 {[%emt 0:00:37]} Rxd7 {[%emt 0:00:24]} 58. Ke3 {[%emt 0:00:23]} Re7+ {[%emt 0:00:13]} 59. Kd2 {[%emt 0:00:28]} Rh2 {[%emt 0:01:48]} 60. Be3 {[%emt 0:00:36]} Rd7+ {[%emt 0:01:08]} 61. Bd4 {[%emt 0:00:27]} Kf4 {[%emt 0:00:33]} 62. Ra1 {[%emt 0:00:32]} Be4 {[%emt 0:01:03]} 63. Rab1 {[%emt 0:00:19]} Bf5 {[%emt 0:00:17]} 64. Ra1 {[%emt 0:00:30]} Bg4 {[%emt 0:00:07]} 65. Rg1 {[%emt 0:00:49]} f2 {[%emt 0:00:42]} 66. Rxg4+ {[%emt 0:00:13]} Kxg4 {[%emt 0:00:05]} 67. Kxe2 {[%emt 0:00:07]} Re7+ {[%emt 0:00:08]} 68. Kd2 {[%emt 0:00:24]} f1=Q+ {[%emt 0:00:16]} 0-1